Złote Żadkie Karty Fifa 22 86+ - Statystyki

Ogólne statystyki
  • Ten quiz został rozwiązany 900 razy
  • Średni wynik to 56 z 69
Statystyki odpowiedzi
Hint Odpowiedź % Poprawnych
Ligue 1, Argentyna, Ps 93 Messi
93%
Premier Ligue, Portugalia, N 91 Ronaldo
93%
Bundesliga, Polska, N 92 Lewandowski
92%
Ligue 1, Francja, N 91 Mbappe
91%
Ligue 1, Brazylia, Ls 91 Neymar
91%
Premier Ligue, Egipt, Ps 89 Salah
90%
Premier Ligue, Anglia, N 90 Kane
89%
LaLiga, Słowenia, Br 91 Oblak
89%
LaLiga, Francja, Śn 89 Benzema
88%
Ligue 1, Włochy, Br 89 Donnarumma
88%
Premier Ligue, Senegal, Ls 89 Mane
88%
Bundesliga, Niemcy, Br 90 Neuer
88%
Premier Ligue, Korea Południowa, Lp 89 Son
88%
Seria A, Polska, Br 87 Szczesny
88%
Premier Ligue, Belgia, Śp 91 De Bruyne
87%
Premier Ligue, Francja, Śpd 90 Kante
87%
LaLiga, Chorwacja, Śp 87 Modric
87%
LaLiga, Urugwaj, N 88 Suarez
87%
LaLiga, Niemcy, Br 90 ter Stegen
87%
Premier Ligue, Holandia, Śo 89 van Dijk
87%
Premier Ligue, Brazylia, Br 89 Alisson
86%
LaLiga, Brazylia Śpd, 89 Casemiro
86%
Premier Ligue, Brazylia, Br 89 Ederson
86%
Bundesliga, Norwegia N 88 Haaland
86%
Bundesliga, Niemcy Śo 86 Hummels
86%
Bundesliga, Niemcy, Śpd 89 Kimmich
86%
Premier Ligue, Belgia, N 88 Lukaku
86%
Premier Ligue, Algeria, Ps 86 Mahrez
86%
Bundesliga, Niemcy, Spo 87 Muller
86%
Ligue 1, Kostaryka, Br 88 Navas
86%
Ligue 1, Hiszpania, Śo 88 Ramos
86%
Seria A, Słowacja, Śo 86 Skriniar
85%
Ligue 1, Argentuna, Ps 87 Di Maria
84%
Premier Ligue, Portugalia, Spo 88 Fernandes
84%
LaLiga, Niemcy, Śp 88 Kroos
84%
Premier Ligue, Szkocja, Lo 87 Robertson
84%
Premier Ligue, Anglia, Ls 88 Sterling
84%
LaLiga, Holandia, Śp 87 de Jong
83%
Premier Ligue, Portugalia, Śpo 86 Silva
83%
Premier Ligue, Portugalia, Po 86 Cancelo
82%
Premier Ligue, Portugalia, Śo 87 Dias
82%
Seria A, Argentyna, Śn 87 Dybala
82%
Seria A, Słowenia, Br 86 Handanovic
82%
Seria A, Wlochy, N 87 Immobile
82%
Premier Ligue, Francja, Br 87 Lloris
81%
LaLiga, Hiszpania, Lo 86 Alba
80%
Bundesliga, Francja, Lp 86 Coman
80%
LaLiga, Belgia, Br 89 Courtois
80%
Bundesliga, Niemcy, Śp 87 Goretzka
79%
Seria A, Senegal, Śo 86 Koulibaly
79%
Premier Ligue, Francja, Śp 87 Pogba
79%
Seria A, Włochy, Ls 86 Insigne
77%
Premier Ligue, Anglia, Pp 87 Sancho
76%
Włochy, Śp 87 Verratti
76%
Seria A, Włochy, Śo 86 Chiellini
75%
Premier Ligue, Hiszpania, Śo 86 Laporte
75%
Premier Ligue, Francja, Śo 86 Varane
75%
LaLiga, Hiszpania, Spd 86 Busquets
74%
LaLiga, Argentyna, N 87 Aguero
73%
Premier Ligue, Brazylia, Śpd 86 Fabinho
73%
LaLiga, Hiszpania, Śp 86 Parejo
72%
Premier Ligue, Anglia, Po 87 Alexander Arnold
71%
Ligue 1, Brazylia, Śo 87 Marquinhos
71%
LaLiga, Hiszpania, N 86 Moreno
71%
Premier Ligue, Anglia, N 86 Vardy
71%
Premier Ligue, Hiszpania, Śp 86 Thiago
68%
Bundesliga, Belgia, Br 86 Casteels
60%
LaLiga, Hiszpania, Śp 86 Llorente
58%
Premier Ligue, Hiszpania, Śpd 86 Rodrigo
56%
Nie znaleziono quizów pasujących do podanych kryteriów
Rozkład punktacji
Procent ludzi z każdym wynikiem
Percentyl według liczby udzielonych odpowiedzi
Twoja historia wyników
Nie rozwiązałeś tego quizu